000 00374 a2200169 4500
001 188783
020 _a978-85-356-2491-5
040 _cMagnum
100 _aArrabal, Jose
240 1 0 _aDa vinci das crianças
_lpor
245 1 0 _aDa vinci das crianças
300 _a295
362 0 _a2009
440 1 _aPaulinas
697 _aLITERATURA INFANTO-JUVENIL
942 _cBK
999 _c188783
_d188783